[Event "Tel Aviv ASA"]
[Site "Tel Aviv"]
[Date "1993.??.??"]
[Round "2"]
[White "Godes, Dmitry R"]
[Black "Temanlis, Yoel"]
[Result "1/2-1/2"]
[WhiteElo "2430"]
[BlackElo "2285"]
[PlyCount "42"]
[EventDate "1993.??.??"]
[EventType "tourn"]
[EventRounds "11"]
[EventCountry "ISR"]
[EventCategory "4"]
[SourceTitle "EXT 1998"]
[Source "ChessBase"]
[SourceDate "1997.11.17"]
[SourceVersion "1"]
[SourceVersionDate "1997.11.17"]
[SourceQuality "1"]

1. Nf3 d5 2. g3 Nf6 3. Bg2 c6 4. 0-0 Bg4 5. d4 Nbd7 6. c4 e6 7. Nc3 dxc4 8. a4 a5 9. Bg5 Qb6 10. Bxf6 Nxf6 11. Ne5 Qxb2 12. Rb1 Qxc3 13. Rxb7 Be7 14. Bxc6+ Kf8 15. Qb1 Bb4 16. Nxg4 Nxg4 17. Qe4 Nf6 18. Qf4 Rc8 19. Rb8 Ke7 20. Rb7+ Kf8 21. Rb8 Ke7 1/2-1/2

[Event "Tel Aviv ASA"]
[Site "Tel Aviv"]
[Date "1993.??.??"]
[Round "10"]
[White "Temanlis, Yoel"]
[Black "Afek, Yochanan"]
[Result "1/2-1/2"]
[WhiteElo "2285"]
[BlackElo "2430"]
[PlyCount "28"]
[EventDate "1993.??.??"]
[EventType "tourn"]
[EventRounds "11"]
[EventCountry "ISR"]
[EventCategory "4"]
[SourceTitle "EXT 1998"]
[Source "ChessBase"]
[SourceDate "1997.11.17"]
[SourceVersion "1"]
[SourceVersionDate "1997.11.17"]
[SourceQuality "1"]

1. d4 d5 2. e3 Nf6 3. Nf3 e6 4. c4 c6 5. Nc3 Nbd7 6. Bd3 dxc4 7. Bxc4 b5 8. Be2 Bb7 9. 0-0 b4 10. Na4 Bd6 11. Bd2 Qe7 12. Qc2 Rc8 13. Rac1 a5 14. e4 Bb8 1/2-1/2

[Event "Tel Aviv ASA"]
[Site "Tel Aviv"]
[Date "1993.??.??"]
[Round "1"]
[White "Temanlis, Yoel"]
[Black "Soffer, Ram"]
[Result "1/2-1/2"]
[WhiteElo "2285"]
[BlackElo "2450"]
[PlyCount "59"]
[EventDate "1993.??.??"]
[EventType "tourn"]
[EventRounds "11"]
[EventCountry "ISR"]
[EventCategory "4"]
[SourceTitle "EXT 1998"]
[Source "ChessBase"]
[SourceDate "1997.11.17"]
[SourceVersion "1"]
[SourceVersionDate "1997.11.17"]
[SourceQuality "1"]

1. e4 e6 2. d4 d5 3. e5 c5 4. c3 Nc6 5. Nf3 Nh6 6. Bxh6 gxh6 7. Be2 Qb6 8. Qd2 Bd7 9. 0-0 0-0-0 10. dxc5 Qxc5 11. Qf4 Be8 12. Nbd2 Ne7 13. Bd3 Qc7 14. Rfe1 f5 15. Qe3 Kb8 16. Nd4 Bd7 17. c4 Qb6 18. N2b3 dxc4 19. Bxc4 Rc8 20. Qe2 Bg7 21. Rac1 Ng6 22. Nf3 Bc6 23. Nbd4 Bxf3 24. Nxf3 Rc5 25. Bb3 Rhc8 26. Rxc5 Rxc5 27. Qd2 Nxe5 28. Nxe5 Rxe5 29. Rxe5 Bxe5 30. Qxh6 1/2-1/2

[Event "Paris-ch op"]
[Site "Paris"]
[Date "1992.??.??"]
[Round "5"]
[White "Temanlis, Yoel"]
[Black "Belkhodja, Slim"]
[Result "1/2-1/2"]
[WhiteElo "2250"]
[BlackElo "2395"]
[PlyCount "34"]
[EventDate "1992.04.??"]
[EventType "swiss"]
[EventRounds "9"]
[EventCountry "FRA"]
[SourceTitle "EXT 1997"]
[Source "ChessBase"]
[SourceDate "1996.11.15"]
[SourceVersion "1"]
[SourceVersionDate "1996.11.15"]
[SourceQuality "1"]

1. e4 c5 2. Nc3 Nc6 3. Nge2 e6 4. g3 g6 5. d4 Nf6 6. Bg2 cxd4 7. Nxd4 Bg7 8. Ndb5 0-0 9. 0-0 d5 10. exd5 Nxd5 11. Nxd5 exd5 12. Qxd5 Bf5 13. Nd6 Be6 14. Qc5 Nd4 15. Bg5 Qd7 16. Rad1 b6 17. Qb4 a5 1/2-1/2

[Event "Paris-ch op"]
[Site "Paris"]
[Date "1992.??.??"]
[Round "9"]
[White "Temanlis, Yoel"]
[Black "De Sousa, Jose Claude"]
[Result "1-0"]
[WhiteElo "2250"]
[BlackElo "2395"]
[PlyCount "95"]
[EventDate "1992.04.??"]
[EventType "swiss"]
[EventRounds "9"]
[EventCountry "FRA"]
[SourceTitle "EXT 1997"]
[Source "ChessBase"]
[SourceDate "1996.11.15"]
[SourceVersion "1"]
[SourceVersionDate "1996.11.15"]
[SourceQuality "1"]

1. e4 e6 2. d4 d5 3. e5 c5 4. c3 Nc6 5. Nf3 Qb6 6. Be2 Nh6 7. Bxh6 gxh6 8. Qd2 Bg7 9. Na3 Bd7 10. 0-0 0-0-0 11. Nc2 Kb8 12. b4 c4 13. a4 Rdf8 14. Ne3 h5 15. Nh4 f6 16. f4 fxe5 17. fxe5 Nxe5 18. Nhf5 exf5 19. Nxd5 Qd6 20. dxe5 Bxe5 21. Bxc4 Rc8 22. Qa2 Rxc4 23. Qxc4 Be6 24. Rad1 Rd8 25. Qh4 Bxd5 26. c4 Qb6+ 27. Qf2 Qxb4 28. cxd5 f4 29. Qe2 Bd4+ 30. Kh1 Be3 31. Qxh5 Qe4 32. d6 Rg8 33. Qf3 Qxa4 34. d7 Rd8 35. Qd5 Bb6 36. Rf3 Qc2 37. Rb3 Qc7 38. Rh3 Qc2 39. Qd6+ Bc7 40. Qd5 Qg6 41. Rb3 Bb6 42. Qe5+ Bc7 43. Qd5 Bb6 44. Rc3 Qf6 45. Rc8+ Rxc8 46. dxc8Q+ Kxc8 47. Qd7+ Kb8 48. Qe8+ 1-0

[Event "Paris-ch op"]
[Site "Paris"]
[Date "1992.??.??"]
[Round "3"]
[White "Temanlis, Yoel"]
[Black "Moulain, Jean Pierre"]
[Result "1-0"]
[WhiteElo "2250"]
[BlackElo "2205"]
[PlyCount "65"]
[EventDate "1992.04.??"]
[EventType "swiss"]
[EventRounds "9"]
[EventCountry "FRA"]
[SourceTitle "EXT 1997"]
[Source "ChessBase"]
[SourceDate "1996.11.15"]
[SourceVersion "1"]
[SourceVersionDate "1996.11.15"]
[SourceQuality "1"]

1. e4 c5 2. Nf3 Nc6 3. d4 cxd4 4. Nxd4 Nf6 5. Nc3 d6 6. g3 Bg4 7. f3 Bd7 8. Be3 Rc8 9. g4 h6 10. h4 Qa5 11. Nb3 Qc7 12. Rg1 g6 13. g5 hxg5 14. hxg5 Nh5 15. Nd5 Qd8 16. Qd2 e6 17. Nc3 Ne5 18. Qf2 b5 19. Nxb5 Rxc2 20. Qxc2 Nxf3+ 21. Kf2 Nxg1 22. Nc7+ Ke7 23. e5 Bg7 24. exd6+ Kf8 25. Kxg1 Be5 26. Qc5 Bf4 27. Bg2 Bxe3+ 28. Qxe3 Ng7 29. Nc5 Bc8 30. Rd1 Kg8 31. d7 Bxd7 32. Rxd7 Qc8 33. Qd4 1-0

[Event "Tel Aviv-B"]
[Site "Tel Aviv"]
[Date "1991.??.??"]
[Round "4"]
[White "Temanlis, Yoel"]
[Black "Andrianov, Nikolai Ivanovich"]
[Result "1/2-1/2"]
[WhiteElo "2255"]
[BlackElo "2445"]
[PlyCount "39"]
[EventDate "1991.07.??"]
[EventType "tourn"]
[EventRounds "11"]
[EventCountry "ISR"]
[EventCategory "5"]
[SourceTitle "CBM 027 Extra"]
[Source "ChessBase"]
[SourceDate "1992.05.01"]
[SourceVersion "1"]
[SourceVersionDate "1992.05.01"]
[SourceQuality "1"]

1. e4 c5 2. Nc3 Nc6 3. Nge2 e6 4. g3 d5 5. exd5 exd5 6. Bg2 Nf6 7. d4 cxd4 8. Nxd4 Bb4 9. 0-0 0-0 10. Bg5 Bxc3 11. bxc3 h6 12. Bxf6 Qxf6 13. Bxd5 Rd8 14. Qf3 Nxd4 15. cxd4 Qxf3 16. Bxf3 Rxd4 17. Rfd1 Rxd1+ 18. Rxd1 Bf5 19. c4 Rc8 20. Bxb7 1/2-1/2

[Event "Tel Aviv-B"]
[Site "Tel Aviv"]
[Date "1991.??.??"]
[Round "6"]
[White "Temanlis, Yoel"]
[Black "Shabtai, Ran"]
[Result "0-1"]
[WhiteElo "2255"]
[BlackElo "2345"]
[PlyCount "62"]
[EventDate "1991.07.??"]
[EventType "tourn"]
[EventRounds "11"]
[EventCountry "ISR"]
[EventCategory "5"]
[SourceTitle "CBM 027 Extra"]
[Source "ChessBase"]
[SourceDate "1992.05.01"]
[SourceVersion "1"]
[SourceVersionDate "1992.05.01"]
[SourceQuality "1"]

1. d4 d5 2. c3 Nf6 3. Bf4 Nbd7 4. Nd2 Nh5 5. Bg5 h6 6. Bh4 g5 7. e3 Ndf6 8. Bg3 Nxg3 9. hxg3 Bg7 10. Bd3 c6 11. Ngf3 Qb6 12. Qc2 Be6 13. Ne5 Nd7 14. Nxd7 Bxd7 15. Nf3 Qc7 16. Rh2 0-0-0 17. 0-0-0 Kb8 18. Kb1 c5 19. Rhh1 Rc8 20. dxc5 Qxc5 21. Nd4 Rhd8 22. Nf5 Bxf5 23. Bxf5 e6 24. Bd3 Rd6 25. Rd2 Rb6 26. b3 Bxc3 27. Rc1 Qa3 28. Qxc3 Rxc3 29. Rxc3 a5 30. Bc2 a4 31. Rd4 Rb5 0-1

[Event "Tel Aviv op"]
[Site "Tel Aviv"]
[Date "1990.??.??"]
[Round "?"]
[White "Gofshtein, Leonid D"]
[Black "Temanlis, Yoel"]
[Result "1-0"]
[WhiteElo "2445"]
[BlackElo "2220"]
[PlyCount "57"]
[EventDate "1990.??.??"]
[EventType "swiss"]
[EventRounds "9"]
[EventCountry "ISR"]
[SourceTitle "EXT 1997"]
[Source "ChessBase"]
[SourceDate "1996.11.15"]
[SourceVersion "1"]
[SourceVersionDate "1996.11.15"]
[SourceQuality "1"]

1. e4 c5 2. Nf3 Nc6 3. Nc3 Nf6 4. d4 cxd4 5. Nxd4 Qb6 6. Nb3 e6 7. Bd3 d6 8. Qe2 a6 9. g4 h6 10. Be3 Qc7 11. 0-0-0 Bd7 12. f4 Nb4 13. g5 hxg5 14. fxg5 Nh5 15. g6 fxg6 16. e5 Nxd3+ 17. Qxd3 d5 18. Bg5 Kf7 19. Rhf1+ Kg8 20. Qxg6 Be8 21. Qxe6+ Bf7 22. Qf5 g6 23. Qf3 Rc8 24. Nd4 Qd7 25. Rde1 Ng7 26. Bf6 Rh3 27. Qg2 Rhxc3 28. bxc3 Ne6 29. Qh3 1-0

[Event "ISR-ch"]
[Site "Rishon Le Ziyyon"]
[Date "1990.??.??"]
[Round "?"]
[White "Liss, Eran"]
[Black "Temanlis, Yoel"]
[Result "1/2-1/2"]
[WhiteElo "2300"]
[BlackElo "2220"]
[PlyCount "34"]
[EventDate "1990.05.06"]
[EventType "swiss"]
[EventRounds "11"]
[EventCountry "ISR"]
[SourceTitle "EXT 2004"]
[Source "ChessBase"]
[SourceDate "2003.11.25"]
[SourceVersion "1"]
[SourceVersionDate "2003.11.25"]
[SourceQuality "1"]

1. e4 c5 2. c3 Qa5 3. g3 Nc6 4. Bg2 g6 5. Ne2 Bg7 6. 0-0 d6 7. h3 e5 8. d3 Nge7 9. Be3 0-0 10. Nd2 Be6 11. f4 f6 12. fxe5 fxe5 13. Nf3 Kh8 14. Qd2 d5 15. Bh6 dxe4 16. dxe4 Rad8 17. Qg5 c4 1/2-1/2

[Event "ISR-ch"]
[Site "Rishon Le Ziyyon"]
[Date "1990.??.??"]
[Round "?"]
[White "Temanlis, Yoel"]
[Black "Pyernik, Moshe"]
[Result "1-0"]
[WhiteElo "2220"]
[BlackElo "2230"]
[PlyCount "91"]
[EventDate "1990.05.06"]
[EventType "swiss"]
[EventRounds "11"]
[EventCountry "ISR"]
[SourceTitle "EXT 2004"]
[Source "ChessBase"]
[SourceDate "2003.11.25"]
[SourceVersion "1"]
[SourceVersionDate "2003.11.25"]
[SourceQuality "1"]

1. e4 g6 2. d4 Bg7 3. Nc3 c6 4. Bc4 d5 5. exd5 b5 6. Bb3 b4 7. Nce2 cxd5 8. a3 bxa3 9. Rxa3 Nf6 10. Nf3 0-0 11. 0-0 Nc6 12. Ne5 Bb7 13. Nf4 e6 14. Nxc6 Bxc6 15. Re1 Ne4 16. c3 Re8 17. Nd3 Qb6 18. Bc2 Rac8 19. Be3 Nd6 20. Qa1 Nb5 21. Ra6 Qd8 22. Ba4 Bd7 23. Nc5 Bf8 24. b4 Rb8 25. Bg5 Qc8 26. Bxb5 Bxb5 27. Rxa7 Ra8 28. Rxa8 Qxa8 29. Qb2 Bg7 30. Bf4 Qc8 31. Ra1 f6 32. h3 e5 33. Bg3 e4 34. Qd2 h6 35. h4 g5 36. hxg5 hxg5 37. Ra7 Qg4 38. Ra1 e3 39. Qe1 exf2+ 40. Qxf2 Re2 41. Qf3 Qxf3 42. gxf3 Re3 43. Ra5 Bc4 44. b5 Rxf3 45. Kg2 Rxc3 46. b6 1-0

[Event "Tel Aviv op"]
[Site "Tel Aviv"]
[Date "1990.??.??"]
[Round "?"]
[White "Temanlis, Yoel"]
[Black "Zoler, Dan"]
[Result "1/2-1/2"]
[WhiteElo "2220"]
[BlackElo "2275"]
[PlyCount "38"]
[EventDate "1990.??.??"]
[EventType "swiss"]
[EventRounds "9"]
[EventCountry "ISR"]
[SourceTitle "EXT 1997"]
[Source "ChessBase"]
[SourceDate "1996.11.15"]
[SourceVersion "1"]
[SourceVersionDate "1996.11.15"]
[SourceQuality "1"]

1. e4 e5 2. Nf3 Nc6 3. Nc3 Nf6 4. g3 d5 5. exd5 Nxd5 6. Bg2 Nxc3 7. bxc3 Be7 8. 0-0 f5 9. Rb1 e4 10. Nd4 Nxd4 11. cxd4 0-0 12. c3 b6 13. d3 Ba6 14. dxe4 Bxf1 15. Kxf1 fxe4 16. Bxe4 Rb8 17. Qh5 g6 18. Bxg6 hxg6 19. Qxg6+ Kh8 1/2-1/2